000 00349nam a2200121Ia 4500
008 220217s9999||||xx |||||||||||||| ||und||
082 _a425 HAT
100 _aHatton, Michael
245 0 _aWritten communications skills workshop manual
260 _aIndian society for technical edu.
_bNew Delhi
_c1996
300 _b0
650 _aGENERAL BOOKS
999 _c173024
_d173024